Els mosaics medievals de Ripoll i de Cuixá / (Record no. 30208)

MARC details
000 -LEADER
campo de control de longitud fija 00661nam a2200193 i 4500
001 - NÚMERO DE CONTROL
campo de control 30208
003 - IDENTIFICADOR DE NÚMERO DE CONTROL
campo de control ES-MaACL
005 - FECHA Y HORA DE LA ÚLTIMA TRANSACCIÓN
campo de control 20260213172532.0
007 - CAMPO FIJO DE DESCRIPCIÓN FÍSICA--INFORMACIÓN GENERAL
campo de control de longitud fija t|
008 - DATOS DE LONGITUD FIJA--INFORMACIÓN GENERAL
campo de control de longitud fija 030124s1971 sp ||||1| cat d
100 1# - ENTRADA PRINCIPAL--NOMBRE DE PERSONA
Nombre de persona Barral i Altet, Xavier.
9 (RLIN) 25844
245 14 - MENCIÓN DEL TÍTULO
Título Els mosaics medievals de Ripoll i de Cuixá /
Mención de responsabilidad, etc. Xavier Barral i Altet ; presentació per Joan Ainaud de Lasarte.
260 ## - PUBLICACIÓN, DISTRIBUCIÓN, ETC.
Lugar de publicación, distribución, etc. Poblet :
Nombre del editor, distribuidor, etc. Abadía de Poblet,
Fecha de publicación, distribución, etc. 1971.
300 ## - DESCRIPCIÓN FÍSICA
Extensión 57 p., lám. 1-19 ;
Dimensiones 25 cm.
700 1# - ENTRADA AGREGADA--NOMBRE PERSONAL
Nombre de persona Ainaud de Lasarte, Joan,
Fechas asociadas al nombre 1919-1995
9 (RLIN) 18980
710 2# - ENTRADA AGREGADA--NOMBRE DE ENTIDAD CORPORATIVA
Nombre de entidad corporativa o nombre de jurisdicción como elemento de entrada Monasterio de Santa María de Poblet.
9 (RLIN) 5752
852 ## - LOCALIZACIÓN
Ubicación ES-MaACL
Número de control de estantería C-41269
Sublocalización o colección R.77040
Holdings
Estatus retirado Estado de pérdida Estado de daño No para préstamo Biblioteca de origen Biblioteca actual Ubicación en estantería Fecha de adquisición Fuente de adquisición Total de préstamos Signatura topográfica completa Código de barras Visto por última vez Precio de reemplazo Tipo de ítem Koha
        Biblioteca del Ateneo de Madrid Biblioteca del Ateneo de Madrid Depósito 2 17/01/2008     C-41269 1031186 23/02/2023 23/02/2023 Libro impreso